[Event "SG Drewer 1 - DJK Wacker Bergeborbeck 1"]
[Site "Verbandsklasse, Gruppe 1 2017"]
[Date "2017.10.08"]
[Round "2.6"]
[White "Schaefer, Martin"]
[Black "Schaedlich, Andreas"]
[Result "0-1"]
[WhiteElo "1768"]
[BlackElo "1864"]
[PlyCount "162"]
[EventDate "2017.??.??"]

1. e4 c5 2. Nf3 Nc6 3. d4 cxd4 4. Nxd4 d6 5. Nc3 g6 6. Bc4 Bg7 7. Nce2 Nf6 8.
f3 O-O 9. Be3 d5 10. Bxd5 Nxd5 11. exd5 Qxd5 12. c3 e5 13. Nxc6 Qxc6 14. O-O
Be6 15. Ng3 h5 16. Ne4 Rad8 17. Qc1 f5 18. Nc5 Bc4 19. Re1 b6 20. Nb3 Qe6 21.
Bg5 Rd7 22. Nd2 Ba6 23. Qc2 Kh7 24. Rad1 Qc6 25. Nb3 Rff7 26. Rd2 Rxd2 27. Nxd2
Rd7 28. Nb3 Bd3 29. Qd2 Bb1 30. Qe2 Bxa2 31. Nd2 Bd5 32. c4 Bf7 33. b3 Qd6 34.
Rc1 Be6 35. Nf1 Qb4 36. Qc2 Qc5+ 37. Be3 Qe7 38. Rd1 f4 39. Bf2 Bf5 40. Rxd7
Qxd7 41. Qd2 Qc6 42. Qe2 e4 43. fxe4 Bxe4 44. Be1 Bd4+ 45. Bf2 Bf6 46. Be1 f3
47. gxf3 Bxf3 48. Qf2 Bd1 49. Nd2 Qe6 50. Qg3 Be5 51. Qd3 Qg4+ 52. Kh1 Bd4 53.
Qg3 Qxg3 54. hxg3 Be3 55. Nf1 Bd4 56. b4 Be2 57. Nd2 Be3 58. Kg2 Bxd2 59. Bxd2
Bxc4 60. Kf3 Kg7 61. Kf4 Kf6 62. Bc3+ Ke6 63. Ke4 Bd5+ 64. Kd4 g5 65. Be1 Bb7
66. Bd2 Kf5 67. Ke3 Kg4 68. Kf2 h4 69. gxh4 gxh4 70. Kg1 h3 71. Bc3 Kf4 72. Kh2
Bc8 73. Be1 Ke4 74. Bg3 Kd5 75. Bb8 a5 76. bxa5 bxa5 77. Bc7 a4 78. Bd8 a3 79.
Bf6 Kc4 80. Kg1 Kb3 81. Kf2 Kc2 0-1

[Event "SG Drewer 1 - DJK Wacker Bergeborbeck 1"]
[Site "Verbandsklasse, Gruppe 1 2017"]
[Date "2017.10.08"]
[Round "2.7"]
[White "Alinsug, Salvadore"]
[Black "Schaepers, Lars"]
[Result "0-1"]
[WhiteElo "1774"]
[BlackElo "1715"]
[PlyCount "88"]
[EventDate "2017.??.??"]

1. e4 e6 2. Nc3 d5 3. d4 dxe4 4. Nxe4 Nd7 5. Nf3 Ngf6 6. Bd3 Nxe4 7. Bxe4 Nf6
8. Bd3 Be7 9. O-O O-O 10. c3 b6 11. Re1 Bb7 12. Bg5 Rc8 13. h3 c5 14. Qe2 Nd5
15. Bxe7 Qxe7 16. Qe5 Qf6 17. Qxf6 Nxf6 18. Re5 Bxf3 19. gxf3 cxd4 20. cxd4
Rfd8 21. Rd1 Kf8 22. Bb1 Rc4 23. d5 exd5 24. Kg2 Rdc8 25. Bf5 R8c5 26. Rde1 d4
27. f4 Rc1 28. R1e2 g6 29. Bg4 Nxg4 30. hxg4 R5c2 31. Re8+ Kg7 32. R2e7 d3 33.
Rd7 Re2 34. Red8 Rcc2 35. Rxd3 Rxf2+ 36. Kg3 Rxb2 37. R8d7 Rxa2 38. Rb7 Rfc2
39. g5 Rc5 40. Kf3 Rf5 41. Rd4 b5 42. Rb8 h6 43. Kg4 hxg5 44. fxg5 Ra4 0-1

[Event "SG Drewer 1 - DJK Wacker Bergeborbeck 1"]
[Site "Verbandsklasse, Gruppe 1 2017"]
[Date "2017.10.08"]
[Round "2.8"]
[White "Pennig, Felix"]
[Black "Grimke, Michael"]
[Result "1-0"]
[WhiteElo "1704"]
[BlackElo "1705"]
[PlyCount "73"]
[EventDate "2017.??.??"]

1. e4 d6 2. d4 g6 3. Nc3 Bg7 4. Be3 Nf6 5. f3 c6 6. Qd2 h5 7. O-O-O Qa5 8. Kb1
Na6 9. e5 Nd5 10. Nxd5 Qxd5 11. Ne2 dxe5 12. Nc3 Qd8 13. Bxa6 bxa6 14. d5 Bb7
15. dxc6 Qxd2 16. Rxd2 Bxc6 17. Rhd1 O-O 18. Bc5 Rfb8 19. Nd5 Bxd5 20. Rxd5 e6
21. Rd7 e4 22. b3 exf3 23. gxf3 Rc8 24. Bxa7 Rc3 25. Rd8+ Rxd8 26. Rxd8+ Kh7
27. Bd4 Rxf3 28. c4 Rd3 29. Bb6 Rxd8 30. Bxd8 Bd4 31. b4 Kg7 32. Kc2 f5 33. Kd3
Be5 34. b5 axb5 35. cxb5 f4 36. b6 Kf7 37. Bc7 1-0

[Event "SW Oberhausen 1 - SV Waltrop 1"]
[Site "Verbandsklasse, Gruppe 1 2017"]
[Date "2017.10.08"]
[Round "2.1"]
[White "Winterberg, Andreas"]
[Black "Puetter, Pascal"]
[Result "1/2-1/2"]
[WhiteElo "2002"]
[BlackElo "1972"]
[PlyCount "28"]
[EventDate "2017.??.??"]

1. e4 e6 2. d4 d5 3. Nc3 Bb4 4. e5 c5 5. Bd2 cxd4 6. Nb5 Bf8 7. Nxd4 Nc6 8.
Ngf3 Qb6 9. Bc3 Bc5 10. Qd2 Nge7 11. Nb3 Bb4 12. a3 Bxc3 13. Qxc3 a5 14. Bd3 h6
1/2-1/2

[Event "SW Oberhausen 1 - SV Waltrop 1"]
[Site "Verbandsklasse, Gruppe 1 2017"]
[Date "2017.10.08"]
[Round "2.2"]
[White "Hortolani, Sven-Holger"]
[Black "Gasper, Joern"]
[Result "1-0"]
[WhiteElo "2083"]
[BlackElo "2013"]
[PlyCount "39"]
[EventDate "2017.??.??"]

1. Nf3 d5 2. g3 Nf6 3. Bg2 e6 4. c4 Be7 5. b3 O-O 6. Bb2 c5 7. O-O Nc6 8. cxd5
exd5 9. d4 Bg4 10. Ne5 Bh5 11. dxc5 Bxc5 12. Nd3 Nd4 13. Nc3 Ne4 14. Bxe4 dxe4
15. Nxc5 Nxe2+ 16. Nxe2 Qg5 17. Nxe4 Qf5 18. Qd4 f6 19. f3 Rfd8 20. Qe3 1-0

[Event "SW Oberhausen 1 - SV Waltrop 1"]
[Site "Verbandsklasse, Gruppe 1 2017"]
[Date "2017.10.08"]
[Round "2.3"]
[White "Eckert, Marius"]
[Black "Schwerdtfeger, Joachim"]
[Result "1/2-1/2"]
[WhiteElo "2004"]
[BlackElo "1858"]
[PlyCount "103"]
[EventDate "2017.??.??"]

1. d4 d5 2. Bf4 Nf6 3. e3 e6 4. Nf3 c5 5. c3 Qb6 6. Qc2 Nc6 7. Nbd2 Bd7 8. h3
Rc8 9. Qb3 Be7 10. Be2 Ne4 11. Nxe4 dxe4 12. Nd2 Qxb3 13. axb3 f5 14. Nc4 Kf7
15. O-O Rhd8 16. Nd6+ Bxd6 17. Bxd6 cxd4 18. exd4 a6 19. f3 exf3 20. Bxf3 Re8
21. Rfe1 Nd8 22. Be2 Bc6 23. Bd3 Kg6 24. Re2 Nf7 25. Bf4 Ng5 26. Bxg5 Kxg5 27.
Rae1 Kf6 28. Kf2 Rcd8 29. Re5 Rd5 30. g4 fxg4 31. hxg4 h6 32. Kg3 Rxe5 33. Rxe5
Rd8 34. Re2 Be8 35. Be4 b6 36. Rf2+ Ke7 37. Kf4 a5 38. Ke5 Bf7 39. c4 Rc8 40.
g5 hxg5 41. Rh2 g4 42. Rh7 Rg8 43. d5 exd5 44. cxd5 Kd8 45. Kd6 g3 46. Rh3 Re8
47. Bf3 Re3 48. Rxg3 Bh5 49. Rxg7 Bxf3 50. Rb7 Kc8 51. Rxb6 Rd3 52. Rb5 1/2-1/2

[Event "SW Oberhausen 1 - SV Waltrop 1"]
[Site "Verbandsklasse, Gruppe 1 2017"]
[Date "2017.10.08"]
[Round "2.4"]
[White "Matthes, Severin Johannes"]
[Black "Drewes, Martin"]
[Result "1-0"]
[WhiteElo "1822"]
[BlackElo "1944"]
[PlyCount "95"]
[EventDate "2017.??.??"]

1. e4 e5 2. Nf3 Nc6 3. Bc4 Bc5 4. Nc3 Nf6 5. d3 h6 6. Be3 Bb6 7. Qd2 d6 8.
O-O-O Na5 9. Bb3 Nxb3+ 10. axb3 Ba5 11. Qe1 c5 12. Nd2 Be6 13. f4 exf4 14. Bxf4
g5 15. Bxd6 Qxd6 16. e5 Qd4 17. exf6 Bxc3 18. bxc3 Qxc3 19. Ne4 Qa1+ 20. Kd2
Qd4 21. Ra1 Qb4+ 22. Kc1 Qd4 23. Ra4 Qe5 24. Qg3 Qxg3 25. hxg3 O-O-O 26. Nxc5
Bd5 27. Re1 Rhe8 28. Ne4 Kb8 29. Rd4 Kc7 30. Kd2 Re6 31. Nc3 Rxe1 32. Kxe1 Re8+
33. Kf2 Bc6 34. Nd5+ Bxd5 35. Rxd5 Re6 36. Rf5 Rc6 37. c4 Rb6 38. Ke3 Kd7 39.
Rb5 Rxb5 40. cxb5 Kd6 41. Ke4 Ke6 42. g4 Kd6 43. Kd4 Kc7 44. Kc5 Kd7 45. b6 a6
46. Kd5 Ke8 47. Kd6 Kd8 48. b4 1-0

[Event "SW Oberhausen 1 - SV Waltrop 1"]
[Site "Verbandsklasse, Gruppe 1 2017"]
[Date "2017.10.08"]
[Round "2.5"]
[White "Breidenbach, Rolf"]
[Black "Kuckelkorn, Joerg"]
[Result "1/2-1/2"]
[WhiteElo "1861"]
[BlackElo "1831"]
[PlyCount "73"]
[EventDate "2017.??.??"]

1. d4 f5 2. Bg5 Nf6 3. Bxf6 exf6 4. e3 d5 5. g3 Be6 6. Bg2 c6 7. Nd2 Na6 8. Ne2
Be7 9. Nf4 Bf7 10. c3 Qd7 11. b4 Nc7 12. a4 O-O 13. O-O Ne8 14. Nb3 b6 15. a5
Nd6 16. axb6 axb6 17. Qc2 Ne4 18. Bh3 g5 19. Nd3 Be6 20. Nd2 Bd6 21. Nxe4 fxe4
22. Bxe6+ Qxe6 23. Nb2 b5 24. Qe2 f5 25. f3 Qg6 26. fxe4 fxe4 27. Rxa8 Rxa8 28.
Qg4 Rf8 29. Rxf8+ Bxf8 30. Nd1 h5 31. Qd7 g4 32. Nf2 Bh6 33. Qc8+ Kh7 34. Qd7+
Kg8 35. Qc8+ Kg7 36. Qd7+ Kg8 37. Qc8+ 1/2-1/2

[Event "SW Oberhausen 1 - SV Waltrop 1"]
[Site "Verbandsklasse, Gruppe 1 2017"]
[Date "2017.10.08"]
[Round "2.6"]
[White "Boecker, Juergen"]
[Black "Sehrbrock, Christoph"]
[Result "1/2-1/2"]
[WhiteElo "1801"]
[BlackElo "1808"]
[PlyCount "63"]
[EventDate "2017.??.??"]

1. e4 e5 2. Nf3 Nc6 3. d4 exd4 4. Bc4 Nf6 5. e5 d5 6. Bb5 Ne4 7. Nxd4 Bd7 8.
Bxc6 bxc6 9. O-O Bc5 10. f3 Ng5 11. f4 Ne4 12. Be3 Qb8 13. b3 O-O 14. c3 Re8
15. Re1 a5 16. Qd3 f6 17. Nd2 Nxd2 18. Bxd2 fxe5 19. fxe5 Re6 20. Kh1 Bxd4 21.
cxd4 Qb6 22. Rac1 a4 23. b4 Rf8 24. Rf1 Ree8 25. Bc3 Qb5 26. Qxb5 cxb5 27. a3
Rxf1+ 28. Rxf1 Rf8 29. Kg1 Bf5 30. Bd2 Bd3 31. Rxf8+ Kxf8 32. Kf2 1/2-1/2

[Event "SW Oberhausen 1 - SV Waltrop 1"]
[Site "Verbandsklasse, Gruppe 1 2017"]
[Date "2017.10.08"]
[Round "2.7"]
[White "Schwammbach, Frank"]
[Black "Matthies, Jochen"]
[Result "0-1"]
[WhiteElo "1781"]
[BlackElo "1785"]
[Annotator "Daniel"]
[PlyCount "84"]
[EventDate "2017.??.??"]

1. d4 d5 2. c4 c6 3. e3 Nf6 4. Nc3 e6 5. a3 dxc4 6. Bxc4 Nbd7 7. Nf3 Be7 8. O-O
c5 9. dxc5 Nxc5 10. b4 Ncd7 11. Qb3 a6 12. Nd4 Nb6 13. Be2 O-O 14. Bb2 Nbd5 15.
Rfd1 Nxc3 16. Bxc3 Nd5 17. Bb2 Qb6 18. Bf3 Rd8 19. Nf5 exf5 20. Bxd5 Be6 $11
21. Bd4 Bxd5 22. Qxd5 Rxd5 23. Bxb6 Rxd1+ 24. Rxd1 Rc8 25. Kf1 Rc6 26. Rd7 Rxb6
27. Rxe7 Kf8 28. Rc7 Rb5 29. Ke2 a5 30. Rc4 g6 31. Kd3 axb4 32. axb4 Ke7 33.
Rc7+ Kd6 34. Kc4 Rxb4+ 35. Kxb4 Kxc7 36. Kc5 b6+ 37. Kd5 Kb7 38. f3 b5 39. e4
fxe4 40. fxe4 Kb6 41. g4 b4 42. Kc4 Ka5 0-1

[Event "SW Oberhausen 1 - SV Waltrop 1"]
[Site "Verbandsklasse, Gruppe 1 2017"]
[Date "2017.10.08"]
[Round "2.8"]
[White "Abramowski, Joerg"]
[Black "Schmidt, Sebastian"]
[Result "1-0"]
[WhiteElo "1922"]
[BlackElo "1582"]
[Annotator "Daniel"]
[PlyCount "75"]
[EventDate "2017.??.??"]

1. e4 e5 2. Nf3 Nc6 3. Bc4 Bc5 4. d3 Nf6 5. c3 O-O 6. O-O d6 7. h3 h6 8. a4 a5
9. Re1 Be6 10. Bxe6 fxe6 11. Qb3 Qc8 12. Be3 Bxe3 13. fxe3 Qd7 14. Nbd2 b6 15.
Rad1 Rad8 16. d4 exd4 17. exd4 Rfe8 18. e5 dxe5 19. Nxe5 Nxe5 20. Rxe5 Qf7 21.
Rde1 Rd5 22. Nf3 Rd6 23. Qc4 Kh8 $11 24. R5e2 Re7 25. Qd3 Nd7 26. Qe4 Kg8 27.
Ne5 Nxe5 28. Qxe5 Rd5 29. Qe4 Rd8 30. Qg4 Rde8 31. Re5 Kh8 32. Qe2 Qg6 33. d5
Qf6 34. dxe6 Kg8 35. Qe4 Kh8 36. Rf1 Rxe6 37. Rxf6 Rxe5 38. Rf8+ 1-0

[Event "Bochumer SV 2 - SK Germania Kupferdreh "]
[Site "Verbandsklasse, Gruppe 2 2017"]
[Date "2017.10.08"]
[Round "2.1"]
[White "Unteregge, Michael"]
[Black "Kraemer, Matthias"]
[Result "1/2-1/2"]
[WhiteElo "2019"]
[BlackElo "2195"]
[PlyCount "30"]
[EventDate "2017.??.??"]

1. Nf3 Nf6 2. c4 g6 3. g3 Bg7 4. Bg2 O-O 5. d4 d6 6. O-O c6 7. Nc3 Bf5 8. Qb3
Qb6 9. Re1 d5 10. cxd5 Qxb3 11. axb3 cxd5 12. Ne5 Be6 13. Bf4 Na6 14. Ra4 Rfd8
15. Rea1 Bf5 1/2-1/2

[Event "Bochumer SV 2 - SK Germania Kupferdreh "]
[Site "Verbandsklasse, Gruppe 2 2017"]
[Date "2017.10.08"]
[Round "2.2"]
[White "Spiess, Timo-Christian"]
[Black "Krimphoff, Ingo"]
[Result "1/2-1/2"]
[WhiteElo "2069"]
[BlackElo "1936"]
[PlyCount "41"]
[EventDate "2017.??.??"]

1. d4 d5 2. Bf4 c6 3. e3 Bf5 4. Bd3 Bxd3 5. Qxd3 Nf6 6. Nf3 e6 7. O-O Bd6 8.
Bxd6 Qxd6 9. c4 O-O 10. Qb3 Nbd7 11. Nc3 Rab8 12. Rfd1 Rfd8 13. h3 Qe7 14. Nd2
dxc4 15. Nxc4 Nd5 16. Rac1 N7f6 17. Ne5 Nxc3 18. bxc3 Rbc8 19. Rb1 b6 20. a4
Qc7 21. Ra1 1/2-1/2

[Event "Bochumer SV 2 - SK Germania Kupferdreh "]
[Site "Verbandsklasse, Gruppe 2 2017"]
[Date "2017.10.08"]
[Round "2.3"]
[White "Zagrabski, Kevin"]
[Black "Hinkmann, Jens"]
[Result "1/2-1/2"]
[WhiteElo "1883"]
[BlackElo "1980"]
[PlyCount "23"]
[EventDate "2017.??.??"]

1. d4 d5 2. Nf3 Nc6 3. Bf4 Nf6 4. e3 Bg4 5. c3 e6 6. Nbd2 Bd6 7. Bg3 e5 8. dxe5
Bxe5 9. Qb3 Bxg3 10. hxg3 Qd6 11. Bb5 Bxf3 12. Nxf3 1/2-1/2

[Event "Bochumer SV 2 - SK Germania Kupferdreh "]
[Site "Verbandsklasse, Gruppe 2 2017"]
[Date "2017.10.08"]
[Round "2.4"]
[White "Goralski, Christian"]
[Black "Wuthcke, Dieter"]
[Result "1/2-1/2"]
[WhiteElo "1974"]
[BlackElo "1831"]
[PlyCount "58"]
[EventDate "2017.??.??"]

1. e4 c5 2. c3 d6 3. d4 cxd4 4. cxd4 g6 5. Nf3 Bg7 6. Bc4 e6 7. Bg5 Ne7 8. h4
h6 9. Be3 a6 10. a4 d5 11. Bd3 Nbc6 12. e5 Nb4 13. Be2 Nf5 14. Bf4 Qb6 15. Na3
Nc6 16. Nc2 Qxb2 17. g4 Nfe7 18. a5 Na7 19. Bd2 Nb5 20. Rb1 Qa2 21. Nb4 Qxa5
22. Nxa6 Nc3 23. Qb3 bxa6 24. Bxc3 Qc7 25. h5 g5 26. O-O Nc6 27. Rfc1 Rb8 28.
Qa4 Rxb1 29. Rxb1 O-O 1/2-1/2

[Event "Bochumer SV 2 - SK Germania Kupferdreh "]
[Site "Verbandsklasse, Gruppe 2 2017"]
[Date "2017.10.08"]
[Round "2.5"]
[White "Degner, Friedhelm"]
[Black "Peters, Olaf"]
[Result "0-1"]
[WhiteElo "1776"]
[BlackElo "1878"]
[PlyCount "86"]
[EventDate "2017.??.??"]

1. e4 c5 2. d4 cxd4 3. c3 dxc3 4. Nxc3 Nc6 5. Bc4 e6 6. Bf4 d6 7. Nf3 a6 8. a3
Be7 9. Rc1 Nf6 10. O-O O-O 11. Qe2 b5 12. Ba2 Bb7 13. Rfd1 Qb8 14. Be3 Ne5 15.
Nxe5 dxe5 16. f3 Rd8 17. Qf2 Rxd1+ 18. Rxd1 Qe8 19. Bc5 Rd8 20. Bb3 Rxd1+ 21.
Bxd1 Nd7 22. Bxe7 Qxe7 23. Qd2 f6 24. Bb3 Kf7 25. Kf1 Nc5 26. Ba2 Qd7 27. Qxd7+
Nxd7 28. Nd1 Ke7 29. Ne3 Kd6 30. b4 Nb8 31. Ke2 Nc6 32. Kd3 g5 33. Ng4 Ke7 34.
Kc3 h5 35. Ne3 Nd4 36. Bb1 Bc8 37. Ba2 Kd6 38. Kd2 f5 39. Kd3 Bb7 40. Nd1 g4
41. exf5 gxf3 42. g4 hxg4 43. Nf2 exf5 0-1

[Event "Bochumer SV 2 - SK Germania Kupferdreh "]
[Site "Verbandsklasse, Gruppe 2 2017"]
[Date "2017.10.08"]
[Round "2.6"]
[White "Floeren, Philipp"]
[Black "Eusgeld, Michael"]
[Result "0-1"]
[WhiteElo "1874"]
[BlackElo "1811"]
[PlyCount "50"]
[EventDate "2017.??.??"]

1. e4 e6 2. f4 d5 3. Nc3 Bb4 4. e5 Ne7 5. d4 Nf5 6. Nf3 c5 7. a3 cxd4 8. axb4
dxc3 9. bxc3 Bd7 10. Bd3 Nh4 11. Nxh4 Qxh4+ 12. g3 Qd8 13. Be3 O-O 14. Bxa7 b6
15. Bxb8 Qxb8 16. c4 dxc4 17. Bxc4 Bc6 18. O-O Rd8 19. Qe2 Qc7 20. Rxa8 Bxa8
21. Ra1 Qc6 22. Kf2 Qg2+ 23. Ke1 Qg1+ 24. Qf1 Qe3+ 25. Qe2 Qc3+ 0-1

[Event "Bochumer SV 2 - SK Germania Kupferdreh "]
[Site "Verbandsklasse, Gruppe 2 2017"]
[Date "2017.10.08"]
[Round "2.7"]
[White "Temming, Markus"]
[Black "Bautz, Volker"]
[Result "0-1"]
[WhiteElo "1630"]
[BlackElo "1823"]
[PlyCount "70"]
[EventDate "2017.??.??"]

1. c4 e5 2. Nc3 Nc6 3. e4 g6 4. g3 Bg7 5. Bg2 d6 6. d3 Nge7 7. h3 O-O 8. Nge2
f5 9. exf5 Nxf5 10. O-O Rb8 11. Kh2 Be6 12. Qa4 Qd7 13. b4 a6 14. Bd2 b5 15.
cxb5 axb5 16. Bxc6 Qxc6 17. Qd1 Qb6 18. Ne4 h6 19. Qc1 Kh7 20. a3 Rf7 21. Be3
Qb7 22. Qd2 Rbf8 23. Rac1 Qc8 24. Ng1 Bd5 25. f3 Ba8 26. Rc2 Qa6 27. Rfc1 Nxe3
28. Qxe3 Qxa3 29. Rxc7 Qxb4 30. Qa7 Bxe4 31. Rxf7 Qd2+ 32. Kh1 Bxf3+ 33. Nxf3
Qxc1+ 34. Kg2 Rxf7 35. Qxf7 Qc2+ 0-1

[Event "Bochumer SV 2 - SK Germania Kupferdreh "]
[Site "Verbandsklasse, Gruppe 2 2017"]
[Date "2017.10.08"]
[Round "2.8"]
[White "Fraenkel, Karlheinz"]
[Black "Fiedler, Christian"]
[Result "1-0"]
[WhiteElo "1795"]
[BlackElo "1525"]
[PlyCount "47"]
[EventDate "2017.??.??"]

1. e4 c5 2. Nf3 d6 3. d4 cxd4 4. Nxd4 Nf6 5. Nc3 a6 6. f3 g6 7. Be3 Bg7 8. Qd2
O-O 9. O-O-O Bd7 10. Bh6 Nc6 11. Bxg7 Kxg7 12. g4 Rc8 13. h4 h5 14. gxh5 Nxh5
15. Nf5+ Bxf5 16. exf5 Ne5 17. f4 Nd7 18. Rg1 Kh7 19. fxg6+ fxg6 20. Bd3 Rg8
21. f5 Ne5 22. fxg6+ Nxg6 23. Qg5 Nhf4 24. Qxf4 1-0

[Event "Matt Inn Dortmund 1 - Rochade Steele/Kr"]
[Site "Verbandsklasse, Gruppe 2 2017"]
[Date "2017.10.08"]
[Round "2.1"]
[White "Happe, Ulrich"]
[Black "Schulenburg, Pit"]
[Result "0-1"]
[WhiteElo "2105"]
[BlackElo "2080"]
[PlyCount "84"]
[EventDate "2017.??.??"]

1. c4 d6 2. d4 f5 3. g3 g6 4. Bg2 Nf6 5. Nf3 Bg7 6. O-O O-O 7. Nc3 Qe8 8. d5
Na6 9. Rb1 Nc5 10. Nb5 Qd8 11. Nfd4 e5 12. dxe6 c6 13. Bxc6 bxc6 14. Nxc6 Qe8
15. e7 Qxc6 16. Qxd6 Qxd6 17. Nxd6 Re8 18. Nxe8 Nxe8 19. Be3 Na4 20. Rfd1 Kf7
21. Rd2 Kxe7 22. b4 Be6 23. Rc1 Bc3 24. Rd3 Bxc4 25. Rdxc3 Nxc3 26. Rxc3 Bxe2
27. Bxa7 Kf7 28. Re3 Bc4 29. Bc5 Bxa2 30. Re7+ Kg8 31. Kf1 Bc4+ 32. Ke1 Ng7 33.
Kd2 Ra3 34. Rb7 Ne6 35. Be3 f4 36. gxf4 Nd4 37. Rb8+ Kf7 38. Rb7+ Ke6 39. Rxh7
Rd3+ 40. Kc1 Rc3+ 41. Kb2 (41. Kb1 Rb3+ 42. Kc1 Ne2+ 43. Kc2 Rxb4 $19) 41...
Rc2+ 42. Kb1 (42. Ka1 Nb3+ 43. Kb1 Bd3 $19) 42... Ba2+ 0-1

[Event "Matt Inn Dortmund 1 - Rochade Steele/Kr"]
[Site "Verbandsklasse, Gruppe 2 2017"]
[Date "2017.10.08"]
[Round "2.2"]
[White "Yanik, Mehmet"]
[Black "Landau, Christian"]
[Result "1/2-1/2"]
[WhiteElo "1943"]
[BlackElo "2040"]
[PlyCount "40"]
[EventDate "2017.??.??"]

1. e4 c5 2. Nf3 g6 3. d4 cxd4 4. Nxd4 Nf6 5. Nc3 Nc6 6. Be3 Bg7 7. Bc4 O-O 8.
h3 Qa5 9. O-O d6 10. Nb3 Qc7 11. f4 Bd7 12. Qd2 Rfc8 13. Rad1 Na5 14. Nxa5 Qxa5
15. Bd3 Be6 16. Bd4 Qb4 17. Nb5 Qxd2 18. Rxd2 a6 19. Nc3 b5 20. a3 Bc4 1/2-1/2

[Event "Matt Inn Dortmund 1 - Rochade Steele/Kr"]
[Site "Verbandsklasse, Gruppe 2 2017"]
[Date "2017.10.08"]
[Round "2.3"]
[White "Greger, Helmut"]
[Black "Böhmfeldt, Bruno"]
[Result "1-0"]
[WhiteElo "1950"]
[BlackElo "2259"]
[PlyCount "120"]
[EventDate "2017.??.??"]

1. c4 g6 2. g3 d6 3. d4 Nd7 4. Bg2 e5 5. Nf3 Bg7 6. Nc3 Nh6 7. e4 O-O 8. O-O f6
9. Be3 Nf7 10. d5 Bh6 11. Qd2 Kg7 12. b3 Qe7 13. Bh3 Nb6 14. Bxc8 Raxc8 15. Nh4
Nd7 16. Rae1 a6 17. Qe2 Bxe3 18. Qxe3 Nh6 19. f3 Rce8 20. Ng2 Qd8 21. g4 c6 22.
Qd2 Nf7 23. f4 Qa5 24. Re2 cxd5 25. exd5 b5 26. Ne4 Qb6+ 27. Kh1 bxc4 28. bxc4
Nc5 29. Nxc5 Qxc5 30. Rc1 Rb8 31. Qe3 Rfc8 32. Qxc5 Rxc5 33. h4 Rb4 34. Rec2
Ra4 35. g5 fxg5 36. fxg5 Rca5 37. Ra1 Ra3 38. Rf2 Rc5 39. Rb1 Rc7 40. Rb6 Rd7
41. Rb3 Ra4 42. Ne3 h6 43. Rg2 hxg5 44. hxg5 e4 45. Rb8 Re7 46. Rb6 Ra3 47. Rb3
Rxb3 48. axb3 Rb7 49. Rg3 a5 50. Nc2 Ne5 51. Na3 a4 52. bxa4 Rb4 53. Rc3 Rxa4
54. Rb3 {(=)} 54... Nf7 55. Rc3 Nxg5 56. Nc2 Kf6 57. c5 dxc5 58. Rxc5 Nf3 59.
Rc6+ Kf7 60. Rc7+ Ke8 {und Schwarz ueberschritt die Zeit} 1-0

[Event "Matt Inn Dortmund 1 - Rochade Steele/Kr"]
[Site "Verbandsklasse, Gruppe 2 2017"]
[Date "2017.10.08"]
[Round "2.4"]
[White "Kromat, Stefan"]
[Black "Kirsch, Paul"]
[Result "0-1"]
[WhiteElo "1749"]
[BlackElo "1930"]
[PlyCount "120"]
[EventDate "2017.??.??"]

1. d3 e5 2. Nf3 Nc6 3. Nbd2 d5 4. e4 Be6 5. c3 Nf6 6. Be2 Be7 7. Qc2 O-O 8. Nf1
d4 9. Ng3 Nd7 10. O-O g6 11. Bh6 Re8 12. h3 Bf8 13. Bg5 f6 14. Bd2 Nb6 15. Nh2
Qd7 16. Bg4 dxc3 17. bxc3 Rad8 18. Be2 Bc4 19. dxc4 Qxd2 20. Qxd2 Rxd2 21. Nf3
Rc2 22. Rfc1 Rxc1+ 23. Rxc1 Na5 24. Rd1 Naxc4 25. Nd2 Nxd2 26. Rxd2 Bc5 27. Bd1
Kf7 28. Kf1 Ke7 29. Bb3 Ba3 30. Ke2 a5 31. Nf1 a4 32. Bc2 Bc1 33. Rd3 Ra8 34.
Kd1 Bf4 35. g3 Bh6 36. Ke2 Nc4 37. Nh2 Nb2 38. Rf3 c5 39. Ng4 Bg7 40. Ne3 b5
41. Nd5+ Kf7 42. g4 h6 43. h4 g5 44. h5 Rb8 45. Rh3 b4 46. cxb4 cxb4 47. Kd2
Nc4+ 48. Kd1 Bf8 49. Ke2 Ra8 50. Rg3 Be7 51. Rf3 Na3 52. Bd1 Ra5 53. Kd3 Nb5
54. Rh3 Nd4 55. Kd2 Ne6 56. Rd3 Nd4 57. Rg3 Bc5 58. Kd3 b3 59. axb3 a3 60. b4
a2 0-1

[Event "Matt Inn Dortmund 1 - Rochade Steele/Kr"]
[Site "Verbandsklasse, Gruppe 2 2017"]
[Date "2017.10.08"]
[Round "2.5"]
[White "Ophoven, Hermann"]
[Black "Fork, Raphael"]
[Result "1/2-1/2"]
[WhiteElo "1734"]
[BlackElo "1823"]
[PlyCount "49"]
[EventDate "2017.??.??"]

1. c4 e5 2. Nc3 Nc6 3. Nf3 Nf6 4. d4 exd4 5. Nxd4 Bc5 6. Nxc6 bxc6 7. g3 Ba6 8.
b3 Ng4 9. Ne4 Bb4+ 10. Bd2 Qe7 11. Bg2 Rb8 12. O-O O-O 13. Bxb4 Rxb4 14. Qd4
Bb7 15. Nc5 Nf6 16. Nd3 c5 17. Qxc5 Qxc5 18. Nxc5 Bxg2 19. Kxg2 d6 20. Nd3 Rbb8
21. Rfd1 a5 22. Rab1 Nd7 23. a3 Rfe8 24. e3 f5 25. Nf4 {(=)} 1/2-1/2

[Event "Matt Inn Dortmund 1 - Rochade Steele/Kr"]
[Site "Verbandsklasse, Gruppe 2 2017"]
[Date "2017.10.08"]
[Round "2.6"]
[White "Schmitz, Martin"]
[Black "Borger, Alexander"]
[Result "0-1"]
[WhiteElo "1823"]
[BlackElo "1886"]
[PlyCount "62"]
[EventDate "2017.??.??"]

1. e4 c5 2. Nf3 e6 3. d4 cxd4 4. Nxd4 Nc6 5. Nc3 Qc7 6. Be3 Nf6 7. Be2 a6 8.
O-O Be7 9. Qd2 O-O 10. f4 d6 11. Bf3 Bd7 12. Nxc6 Bxc6 13. Rae1 b5 14. a3 Rac8
15. Qf2 Nd7 16. g3 a5 17. Nd1 b4 18. axb4 axb4 19. Qg2 Qb7 20. Rf2 Ra8 21. Kh1
Rfc8 22. Rg1 Nf6 23. e5 Ng4 24. Rff1 Bxf3 25. Rxf3 Rxc2 26. Qxc2 Qxf3+ 27. Qg2
Qxg2+ 28. Kxg2 dxe5 29. fxe5 Nxe5 30. Nf2 Nc4 31. Bd4 Rd8 0-1

[Event "Matt Inn Dortmund 1 - Rochade Steele/Kr"]
[Site "Verbandsklasse, Gruppe 2 2017"]
[Date "2017.10.08"]
[Round "2.7"]
[White "Schröder, Marcel"]
[Black "Meinike, Thorsten"]
[Result "0-1"]
[WhiteElo "1522"]
[BlackElo "1721"]
[PlyCount "122"]
[EventDate "2017.??.??"]

1. c4 e6 2. Nc3 d5 3. cxd5 exd5 4. d4 Nf6 5. Nf3 Be7 6. g3 O-O 7. Bg2 c6 8. O-O
Bf5 9. Bf4 Nbd7 10. Nh4 Be6 11. Nf3 h6 12. h4 Re8 13. Re1 Bf5 14. a3 Ne4 15.
Rc1 Bf6 16. Be3 Nxg3 17. Bxh6 Nxe2+ 18. Rxe2 gxh6 19. Rxe8+ Qxe8 20. Qd2 Kh7
21. Qf4 Be6 22. Re1 Qg8 23. Kh1 Qg4 24. Qg3 Qxg3 25. fxg3 Rg8 26. Kh2 Bd8 27.
Re3 Bc7 28. Ne2 Nf6 29. Bh3 Ne4 30. Ne1 Bg4 31. Bxg4 Rxg4 32. Ng2 Bd6 33. Rf3
Kg7 34. Kh3 Rg6 35. Ngf4 Bxf4 36. Nxf4 Rd6 37. Nh5+ Kf8 38. g4 b6 39. b4 c5 40.
bxc5 bxc5 41. dxc5 Nxc5 42. Nf4 d4 43. Nd3 Nxd3 44. Rxd3 Ke7 45. Kg3 Ke6 46.
Kf4 Kd5 47. g5 hxg5+ 48. hxg5 Kc4 49. Rd1 d3 50. Ke3 Re6+ 51. Kd2 Re2+ 52. Kc1
Kc3 53. Rf1 Rg2 54. Kb1 Rxg5 55. Rxf7 Rg1+ 56. Ka2 d2 57. Rc7+ Kd3 58. Rd7+ Ke3
59. Re7+ Kf4 60. Rf7+ Ke5 61. Re7+ Kd6 0-1

[Event "Matt Inn Dortmund 1 - Rochade Steele/Kr"]
[Site "Verbandsklasse, Gruppe 2 2017"]
[Date "2017.10.08"]
[Round "2.8"]
[White "Litzenberg, David"]
[Black "Jacob, Donald"]
[Result "1/2-1/2"]
[WhiteElo "1474"]
[BlackElo "1583"]
[PlyCount "38"]
[EventDate "2017.??.??"]

1. d4 g6 2. Nf3 Nf6 3. Bg5 Bg7 4. Bxf6 Bxf6 5. c3 d6 6. e3 O-O 7. Nbd2 c5 8.
Ne4 Nd7 9. Bc4 Nb6 10. Nxf6+ exf6 11. Bb3 c4 12. Bc2 d5 13. h3 Bd7 14. O-O Re8
15. Re1 Bc6 16. Nd2 f5 17. Qf3 Qg5 18. Kh2 Kg7 19. Rab1 h5 {(=)} 1/2-1/2